01267 2200277 4500001002100000005001500021035002000036007000300056008004100059020002200100082001000122084001900132100003000151245008900181250002800270300002500298700002700323700002800350264004200378336002100420337003000441338002300471520046000494650001900954990001600973INLIS00000000116342620230927094657 a0010-0923000044ta230927 g 0 ind  a978-623-242-154-7 a2X7.1 aSR 2X7.1 FAH m0 aFahruddin Faizepengarang1 aMenjadi manusia menjadi hamba /cFahruddin Faiz; penyunting, Tofik Pram, Ahmad Najib acetakan ke-5, Juli 2023 a309 halaman ;c21 cm0 aTofik Pramepenyunting0 aAhmad Najibe penyunting aJakarta Selatan :bNoura Books,c2023 2rdacontentaTeks 2rdamediaaTanpa Perantara 2rdacarrieraVolume aBuku ini membahas sekaligus fitrah kemanusiaan dan tanggung jawab kehambaan. Dengan pembahasan yang populer dan bahasa yang ringan, penulis mengajak pembaca mengenali mandat manusia di muka bumi ini: menjadi manusia, sekaligus menjadi hamba. Gaya hidup modern, di samping menawarkan berbagai kenikmatan dan kemudahan hidup, kerap membuahkan dehumanisasi. Banyak manusia seolah kehilangan kemanusiaannya, kehilangan fitrahnya—khususnya dimensi spiritual. 4aFilsafat Islam a52209.65209